| 000 | 01589cam a22003494a 4500 | ||
|---|---|---|---|
| 999 |
_c6668 _d6668 |
||
| 001 | 12311494 | ||
| 003 | GBCCL | ||
| 005 | 20241126110608.0 | ||
| 008 | 010215s2002 miua bd 001 0 eng | ||
| 010 | _a 2001023554 | ||
| 020 | _a0310224810 (hardcover : alk. paper) | ||
| 040 |
_aDLC _cDLC _dDLC |
||
| 042 | _apcc | ||
| 050 | 0 | 0 |
_aBR1644 _b.D53 2002 |
| 082 | 0 | 0 |
_a270.8203 _221 _bNEW |
| 245 | 0 | 4 | _aThe new international dictionary of Pentecostal and charismatic movements. |
| 250 |
_aRev. and expanded ed. / _bStanley M. Burgess, editor ; Eduard M. van der Maas, associate editor. |
||
| 260 |
_aGrand Rapids, Mich. : _bZondervan Pub. House, _cc2002. |
||
| 300 |
_axxxi, 1278 p. : _bill. ; _c25 cm. |
||
| 500 | _aRev. ed. of: Dictionary of Pentecostal and charismatic movements. | ||
| 504 | _aIncludes bibliographical references and indexes. | ||
| 650 | 0 |
_aPentecostalism _vDictionaries. _911909 |
|
| 650 | 0 |
_aPentecostal churches _vDictionaries. _911910 |
|
| 700 | 1 |
_aBurgess, Stanley M., _d1937- _911911 |
|
| 700 | 1 |
_aVan der Maas, Ed M. _911912 |
|
| 730 | 0 |
_aDictionary of Pentecostal and charismatic movements. _911913 |
|
| 856 | 4 | 2 |
_3Publisher description _uhttp://www.loc.gov/catdir/enhancements/fy0633/2001023554-d.html |
| 856 | 4 | 1 |
_3Table of contents only _uhttp://www.loc.gov/catdir/enhancements/fy0633/2001023554-t.html |
| 906 |
_a7 _bcbc _corignew _d1 _eocip _f20 _gy-gencatlg |
||
| 942 |
_2ddc _cREF |
||